Η πνευματική εξέλιξις των παίδων κατά τα έτη της φοιτήσεως αυτών εις το σχολείον
Saved in:
| Main Author: | |
|---|---|
| Format: | Book |
| Language: | Greek |
| Published: |
Εν Αθήναις :
[χ.ό.],
1952.
|
| Series: | Βιβλιοθήκη της εν Αθήναις φιλεκπαιδευτικής εταιρείας ;
v.1 |
| Subjects: | |
| Tags: |
Add Tag
No Tags, Be the first to tag this record!
|
MARC
| LEADER | 00000cam a2200000 i 4500 | ||
|---|---|---|---|
| 001 | 1/88375 | ||
| 008 | 080610s1952 gr | ||| |||| ||gre|| | ||
| 035 | |l 10098099 | ||
| 040 | |a GR-MY-UA |b gre |e aacr | ||
| 041 | 0 | |a gre | |
| 082 | 7 | |a 152.1 |2 (22) | |
| 100 | 1 | |a Ψαλίδα, Φωτεινή Δ. | |
| 245 | 1 | 2 | |a Η πνευματική εξέλιξις των παίδων κατά τα έτη της φοιτήσεως αυτών εις το σχολείον / |c Φωτεινής Δ. Ψαλίδα. |
| 260 | |a Εν Αθήναις : |b [χ.ό.], |c 1952. | ||
| 300 | |a 80 σ. ; |c 24 εκ. | ||
| 490 | 1 | |a (Βιβλιοθήκη της εν Αθήναις Φιλεκπαιδευτικής Εταιρείας ; |v vol.1) | |
| 500 | |a Αρχικά παρουσιάσθηκε ως διατριβή (διδακτορική) της συγγραφέως -- Εθνικό και Καποδιστριακό Πανεπιστήμιο Αθηνών, Φιλοσοφική Σχολή, [19--]. | ||
| 500 | |a Διατριβή επί διδακτορία εγκριθείσα υπό της Φιλοσοφικής Σχολής του Πανεπιστημίου Αθηνών. | ||
| 504 | |a Βιβλιογραφία: σ. [81]. | ||
| 650 | 0 | 0 | |a Psychophysiology. |
| 650 | 0 | 0 | |a Senses and sensation. |
| 650 | 0 | 0 | |a Intelligence tests. |
| 650 | 0 | 0 | |a Cognition in children. |
| 650 | 0 | 0 | |a Child development |x Testing. |
| 830 | 0 | |a Βιβλιοθήκη της εν Αθήναις φιλεκπαιδευτικής εταιρείας ; |v v.1 | |
| 852 | |a INST |b RHODES |c AKA |e 20080610 |h 152.1 ΨΑΛ |p 005400027899 |q 005400027899 |t BK |y 0 | ||
| 901 | |a BIBL4-2008-2 | ||
| 909 | |a Ρ |b 150596 | ||
| 970 | |a ΚΟΖΑ |b ΜΑΡΙΑ |z 2008/06/10 | ||